000 00945nam a2200217Ia 4500
999 _c4646
_d4646
003 OSt
005 20200624122533.0
008 191128s2014 ck ao fr 000 0 spa d
020 _a9789584241948
040 _aCO-JMCR
_cCO-JMCR
041 0 _aspa
082 0 4 _a333.72 /
_bC758c
_223
245 1 3 _aLa construcción colectiva del medio ambiente :
_bconsejo de Estado de Colombia 100 años /
_cdirector académico, Marco Antonio Velilla Moreno
250 _aPrimera edición
260 _aBogotá :
_bPlaneta,
_c2014
300 _a561 páginas :
_bfotográfias a color ;
_c26 cm.
505 0 _aForo preparatorio para el congreso internacional de altas jurisdicciones administrativas -- El derecho ambiental y los instrumentos de protección y gestión ambiental -- Actividad judicial y administrativa.
650 1 4 _aPolítica ambiental
_xaspectos sociales
_96078
650 1 4 _aEducación ambiental
_xaspectos sociales
_96079
942 _2ddc
_cBK